00791nam a22002057a 450000500170000000800410001702000220005808200220008010000250010224501440012726000500027130000300032150400190035154100090037065000340037965000110041370000300042495201160045499900150057020230223065202.0230223b |||||||| |||| 00| 0 eng d a978-1-72881-436-6 a646.432 P948 2017 aPrier, Aliceeauthor aPattern making template for skirts and dresses:ball you need to design, adapt and customise your clothescAlice Prier, Lilia Prier Tisdall aTunbridge Wells, Kent:bSearch Press, cc2017 a[144]p.:bill. (some col) aIncludes index e6719 aDressmaking - Patterns design aSkirts aTisdall, Lilia P.eauthor 00102ddc4070aCTUMBbCTUMBd2021-03-03l0o646.432 P948 2017p6719r2023-02-23 00:00:00t1w2023-02-23yBK-R c1407d1407